Normal view
MARC view
- MICROSOFT OFFICE 2000 MS OFFICE 2000
Entry Topical Term
001 - CONTROL NUMBER
- control field: 78244
003 - CONTROL NUMBER IDENTIFIER
- control field: NUST
005 - DATE AND TIME OF LATEST TRANSACTION
- control field: 20210628210132.0
008 - FIXED-LENGTH DATA ELEMENTS
- fixed length control field: 210628|| aca||aabn | a|a d
040 ## - CATALOGING SOURCE
- Original cataloging agency: NUST
- Transcribing agency: NUST
150 ## - HEADING--TOPICAL TERM
- Topical term or geographic name entry element: MICROSOFT OFFICE 2000 MS OFFICE 2000
670 ## - SOURCE DATA FOUND
- Source citation: Work cat.: (NUST): Ulrich, Laurie 77607, Sams teach yourself microsoft office 2000 in 21 days, 1999
